| 000 | 00404nam a22001577a 4500 | ||
|---|---|---|---|
| 003 | 0 | ||
| 005 | 20230620151633.0 | ||
| 008 | 230620b xxu||||| |||| 00| 0 eng d | ||
| 020 | _a978-148-475-643-0 | ||
| 082 |
_aER _b.Un58 2016 |
||
| 245 | _aUnlikely friends | ||
| 260 |
_aLos Angeles _bDisney Press _cc2016 |
||
| 300 |
_a28pp. _bcol. ill. _c23cm. |
||
| 500 | _aChildren's stories. | ||
| 942 |
_2ddc _cER |
||
| 999 |
_c365067 _d365067 |
||